The 108 Stars of Destiny of Suikoden I by Picture - Statistics

General Stats
  • This quiz has been taken 64 times
  • The average score is 53 of 109
Answer Stats
Picture Answer % Correct
Tir McDohl
98%
Cleo
94%
Gremio
94%
Mathiu Silverberg
94%
Viktor
94%
Luc
83%
Tai Ho
75%
Yam Koo
75%
Camille
68%
Lorelai
66%
Flik
60%
Pahn
58%
Apple
57%
Clive
57%
Hix
57%
Humphrey Mintz
57%
Maas
57%
Meg
57%
Tengaar
57%
Valeria
57%
Viki
57%
Kai
55%
Lepant
55%
Milich Oppenheimer
55%
Pesmerga
55%
Sheena
55%
Jeane
53%
Juppo
53%
Kage
53%
Kirkis
53%
Leon Silverberg
53%
Stallion
53%
Templeton
53%
Fu Su Lu
51%
Futch
51%
Kasumi
51%
Marie
51%
Maximillian
51%
Meese
51%
Chandler
49%
Krin
49%
Mose
49%
Onil
49%
Rock
49%
Sanchez
49%
Alen
47%
Eileen
47%
Grenseal
47%
Liukan
47%
Mace
47%
Ronnie Bell
47%
Sarah
47%
Sonya Schulen
47%
Sydonia
47%
Vincent De Boule
47%
Antonio
45%
Crowley
45%
Esmeralda
45%
Gon
45%
Joshua Levenheit
45%
Kuromimi
45%
Kwanda Rosman
45%
Mina
45%
Moose
45%
Qlon
45%
Sancho
45%
Sansuke
45%
Sylvina
45%
Varkas
45%
Window
45%
Hellion
43%
Kasim Hazil
43%
Kimberley
43%
Kirke
43%
Lotte
43%
Milia
43%
Rubi
43%
Fuma
42%
Gen
42%
Eikei
40%
Gaspar
40%
Georges
40%
Hugo
40%
Blackman
38%
Giovanni
38%
Morgan
38%
Quincy
38%
Anji
36%
Ivanov
36%
Kamandol
36%
Ledon
36%
Lester
36%
Marco
36%
Melodye
36%
Sergei
36%
Taggart
36%
Fukien
34%
Jabba
34%
Tesla
34%
Warren
34%
Griffith
30%
Kessler
30%
Kreutz
30%
Kun To
30%
Chapman
28%
Kasios
28%
Leonardo
28%
Zen
26%
Kanak
25%
No matching quizzes found
Score Distribution
Percent of People with Each Score
Percentile by Number Answered
Your Score History
You have not taken this quiz